Word Scramble - Football Clubs - Statistics

General Stats
  • This quiz has been taken 178 times
  • The average score is 6 of 20
Answer Stats
Anagram Club Name % Correct
dream rail d Real Madrid
92%
el aches Chelsea
80%
charm bye in un Bayern Munich
57%
anti on fire Fiorentina
38%
my cheaters cint Manchester City
37%
cafe bin Benfica
36%
three times can dun Manchester United
36%
steak bis Beşiktaş
35%
beach n reef Fenerbahçe
24%
yo planes Espanyol
23%
press gaps rho Grasshoppers
18%
brains moon shade chag club Borussia Mönchengladbach
17%
real limes Marseille
16%
thread clen Anderlecht
10%
sly lanes leg ax ago Los Angeles Galaxy
10%
grabbed zulus rll Red Bull Salzburg
9%
batch bite oil al Athletic Bilbao
8%
shaven roll ea Hellas Verona
6%
wombs cure luc Columbus Crew
5%
i stream bowl won chib West Bromwich Albion
5%
No matching quizzes found
Score Distribution
Percent of People with Each Score
Percentile by Number Answered
Your Score History
You have not taken this quiz